Human resource in the wood industry

Riadenie ľudských zdrojov v drevárskom priemysle. Význam riadenia ľudských zdrojov (HRM - Human resource management). Termíny a skratky. Ukážky.

Salvato in:
Dettagli Bibliografici
Autore principale: Slaninková, Jana
Natura: Capitolo di libro
Lingua:inglese
Soggetti:
Tags: Aggiungi Tag
Nessun Tag, puoi essere il primo ad aggiungerne!!

MARC

LEADER 00000nla$a2200000$$$4500
001 0113825
005 20240502072251.2
041 0 |a eng 
044 |a SK 
245 1 0 |a Human resource in the wood industry  |c Jana Slaninková 
520 |a Riadenie ľudských zdrojov v drevárskom priemysle. Význam riadenia ľudských zdrojov (HRM - Human resource management). Termíny a skratky. Ukážky. 
610 2 0 |a riadenie ľudských zdrojov 
610 2 0 |a zamestnanci 
610 2 0 |a priemysel drevársky 
100 1 |a Slaninková, Jana